000 00347nam a2200145 i 4500
001 bg
100 1 _aRIEKSTYNS, E. Ja.
245 1 0 _aAsimptoticeskie rozlożenija integralov.
_nT.1 /
_cE. Ja Riekstyns.
260 _aRiga,
_c1974.
040 _cBPK
041 _apol
080 _a517
942 _cKS
008 s pl f |000 0 pol
999 _c47096
_d47096
856 _uhttp://koha.tu.koszalin.pl/cgi-bin/koha/opac-detail.pl?biblionumber=47096
_yKatalog online BPK